Statistics for Biggest Trading Partners - European Union

Click here to take the quiz!

General Stats

  • This quiz has been taken 19,646 times
    (19,596 since last reset)
  • The average score is 20 of 24

Answer Stats

ImportsExportsCountry% Correct
246 bil370 bilUnited States
100%
364 bil206 bilChina
99%
136 bil73.9 bilRussia
97%
30.9 bil34.6 bilBrazil
97%
28.2 bil35.2 bilCanada
97%
59.7 bil56.6 bilJapan
96%
39.4 bil37.9 bilIndia
96%
19.7 bil33.7 bilMexico
96%
31.7 bilAustralia
94%
20.4 bilEgypt
88%
61.6 bil79.0 bilTurkey
88%
42.3 bil47.9 bilSouth Korea
87%
19.3 bil25.5 bilSouth Africa
86%
21.6 bil40.2 bilSaudi Arabia
85%
19.5 bilThailand
74%
30.0 bilVietnam
70%
74.3 bil48.9 bilNorway
67%
25.5 bilTaiwan
66%
48.5 bilUnited Arab
Emirates
64%
102 bil151 bilSwitzerland
64%
22.7 bilMalaysia
63%
19.0 bilIsrael
63%
20.9 bil22.3 bilAlgeria
61%
18.9 bil29.7 bilSingapore
60%

Score Distribution

Percentile by Number Answered

Percent of People with Each Score

Your Score History

You have not taken this quiz since the last reset